Loading...
| Visual Arts | 3 | 7 | 0 | 0 | 115 | 48 | 86.50 | 6 | 10 |
| Science - Biology | 1 | 6 | 2 | 1 | 65 | 60 | 83.57 | 2 | 7 |
| Auditory Arts | 0 | 6 | 0 | 1 | 60 | 100 | 111.17 | 4 | 6 |
| Social Science | 0 | 5 | 0 | 1 | 50 | 64 | 94.60 | 2 | 5 |
| Literature - American Literature | 1 | 3 | 0 | 1 | 45 | 52 | 106.00 | 2 | 3 |
| Literature - British Literature | 1 | 3 | 0 | 0 | 45 | 54 | 103.75 | 2 | 4 |
| Beliefs | 1 | 3 | 0 | 0 | 45 | 72 | 106.00 | 1 | 4 |
| Fine Arts - Other Arts | 0 | 4 | 0 | 1 | 40 | 72 | 107.25 | 1 | 3 |
| Literature - European Literature | 0 | 3 | 0 | 0 | 30 | 92 | 119.00 | 2 | 3 |
| Philosophy | 2 | 0 | 0 | 0 | 30 | 54 | 55.50 | 2 | 2 |
| Current Events | 0 | 1 | 0 | 0 | 10 | 78 | 78.00 | 1 | 1 |
| Other Academic | 0 | 1 | 0 | 0 | 10 | 82 | 82.00 | 0 | 1 |
| Science - Physics | 0 | 1 | 0 | 0 | 10 | 73 | 73.00 | 1 | 1 |
| Literature - World Literature | 0 | 1 | 0 | 0 | 10 | 88 | 88.00 | 0 | 1 |
| Science - Chemistry | 0 | 2 | 4 | 0 | 0 | 79 | 94.50 | 1 | 2 |